00638nam a2200181Ia 4500952014300000999001700143003000400160005001700164008004100181040000900222082001900231100002100250245006400271260004600335300000900381650002200390942004400412 00102ddc40708POLITICAL SCIENCEaMESbMEScPOLd2019-02-20g80.00l0o320.954 DUB/Sp25270r2019-02-20 00:00:00w2019-02-20yBKzGL10R2 c34893d34893OSt20200215111641.0190216s9999||||xx |||||||||||||| ||und|| coclc a320.954bDUB/S aDubey, S N92022 0aSimple Study Of Indian Government And Politics /cS N Dubey bLakshmi Narain Agarwal Pub,c1998.aAgra: a432p aPolitical Science cBK2ddch320.954iDUB/Sk320.954mDUB/S